Comment se nomment ces objets communs ? (4) - Statistiques

Statistiques générales
  • Ce quiz a été pris 42 fois
  • Le résultat moyen est 8 sur 25
Statistiques - réponses
Hint Réponse % Correct
L'objet cylindrique servant à enrouler une mèche de cheveux pour la faire onduler Bigoudi
88%
L'aiguille des secondes d'une montre ou d'un réveil Trotteuse
68%
Le haut de la rampe d'un escalier sur lequel on pose la main (2 mots) Main courante
65%
La queue d'une feuille d'arbre Pétiole
50%
Le panier de la montgolfière Nacelle
47%
Le sabre turc, à lame recourbée et dont le tranchant forme, vers la pointe, une courbe rentrante Yatagan
47%
L'instrument à cordes à la caisse triangulaire Balalaïka
44%
Le drapeau placé sur la voiture d'une personnalité officielle Fanion
44%
Le grand poteau horizontal servant à enverguer les voiles Bôme
38%
Le bâton qui sert à frapper les 3 coups au théâtre Brigadier
32%
Les pièces métalliques qui soutiennent et permettent d'ouvrir une fenêtre Paumelles
32%
Le tuyau par lequel s'écoule l'eau d'un arrosoir Goulot
26%
Le pot d'une cafetière électrique Verseuse
26%
La lettre portant le sceau du pape Bulle
24%
Le ruban de tissu qui fait le tour de certains chapeaux Galon
24%
La partie maçonnée entre deux créneaux dans un château-fort Merlon
21%
Le xylophone muni de calebasses comme résonateurs Balafon
18%
La tête ou les bois d'un cerf exposés comme trophée Massacre
18%
Les deux parties d'une paire de lunette qui touchent le nez... Plaquette
18%
L'extrémité du manche du parapluie au-dessus de la toile Embout
12%
Le bonnet rigide carré porté par les ecclésiastiques Barrette
9%
Le couvre-chef des femmes de la Gendarmerie Postillon
9%
La petite coiffure à dessus plat autrefois souvent portée par les hôtesses de l'air Tambourin
6%
La bouche de tissu qui se trouve près du col d'une chemise pour la suspendre Cordonnet
3%
La partie, dans un verre à pied, juste au-dessus du pied et sous le gobelet Bouton
0%
Aucun quiz correspondant
Distribution des résultats
% des personnes avec chaque résultat
Percentile par nombre de réponses
Votre historique - résultats
Vous n’avez pas pris ce quiz